Crisis, recuperación y nuevos dilemas (Registro nro. 60)
[ vista simple ]
| 000 -LEADER | |
|---|---|
| fixed length control field | 01600 a2200205 4500 |
| 001 - CONTROL NUMBER | |
| control field | 82 |
| 005 - DATE AND TIME OF LATEST TRANSACTION | |
| control field | 20260407155407.0 |
| 008 - FIXED-LENGTH DATA ELEMENTS--GENERAL INFORMATION | |
| fixed length control field | 260407a2007 arg spa d |
| 003 - CONTROL NUMBER IDENTIFIER | |
| control field | AR-UNSa-BCEJYS |
| 040 ## - CATALOGING SOURCE | |
| Original cataloging agency | AR-UNSa-BCEJYS |
| Language of cataloging | spa |
| Transcribing agency | AR-UNSa-BCEJYS |
| 080 ## - UNIVERSAL DECIMAL CLASSIFICATION NUMBER | |
| Universal Decimal Classification number | 330(82) |
| Common auxiliary subdivision | Economia Argentina |
| 100 1# - MAIN ENTRY--PERSONAL NAME | |
| Personal name | Kosacoff, Bernardo |
| 245 10 - TITLE STATEMENT | |
| Title | Crisis, recuperación y nuevos dilemas |
| Name of part/section of a work | La economía argentina 2002-2007 |
| 264 #1 - PRODUCTION, PUBLICATION, DISTRIBUTION, MANUFACTURE, AND COPYRIGHT NOTICE | |
| Place of production, publication, distribution, manufacture | Santiago de Chile : |
| Name of producer, publisher, distributor, manufacturer | CEPAL (Comisión Económica para América Latina y el Caribe) |
| Date of production, publication, distribution, manufacture, or copyright notice | 2007 |
| 300 ## - PHYSICAL DESCRIPTION | |
| Extent | 426 p. |
| Dimensions | 28 cm |
| 505 ## - FORMATTED CONTENTS NOTE | |
| Formatted contents note | 1. Crisis, recuperación y nuevos dilemas. La economía argentina 2002-2007 - 2. Macroeconomía en recuperación: la Argentina post-crisis - 3. El crecimiento reciente de la industria. Nuevo régimen sin cambio estructural - 4. Evolución reciente de la balanza comercial argentina. El desplazamiento de la restricción externa - 5. Inversión extranjera directa en la Argentina. Crisis, reestructuración y nuevas tendencias después de la convertibilidad - 6. El desarrollo agropecuario en las últimas décadas: ¿Volver a creer? - 7. La innovación en la Argentina post-devaluación. Antecedentes previos y tendencias a futuro - 8. Crecimiento económico y desigualdades territoriales en Argentina -9. El mercado de trabajo luego de la crisis. Avances y desafíos - 10. Políticas sociales en Argentina: viejos problemas, nuevos desafíos |
| 590 ## - LOCAL NOTE (RLIN) | |
| Local note | niveau_biblio:m niveau_hierar:0 |
| 856 41 - ELECTRONIC LOCATION AND ACCESS | |
| Uniform Resource Identifier | <a href="https://biblioeco.unsa.edu.ar/pmb/images/libros/Crisis, recuperacion y nuevos dilemas-l117367.jpg">https://biblioeco.unsa.edu.ar/pmb/images/libros/Crisis, recuperacion y nuevos dilemas-l117367.jpg</a> |
| Link text | Imagen de portada |
| Electronic format type | image/jpeg |
| 942 ## - ADDED ENTRY ELEMENTS (KOHA) | |
| Koha item type | |
| Withdrawn status | Lost status | Damaged status | Not for loan | Home library | Current library | Shelving location | Date acquired | Total checkouts | Full call number | Barcode | Date last seen | Price effective from | Koha item type |
|---|---|---|---|---|---|---|---|---|---|---|---|---|---|
| Biblioteca Prof. Eusebio Cleto del Rey | Biblioteca Prof. Eusebio Cleto del Rey | 07/04/2026 | 330(82) K86 | L117367 | 07/04/2026 | 07/04/2026 | Libro |